Statistics for All New Pokemon and Hisuian Forms in Legends Arceus

Click here to take the quiz!

General Stats

  • This quiz has been taken 91 times
    (43 since last reset)
  • The average score is 22 of 26

Answer Stats

HintAnswer% Correct
fire/rockArcanine
91%
steel/dragonDialga
88%
electric/grassElectrode
88%
steel/dragonGoodra
88%
fire/rockGrowlithe
88%
dark/poisonOverqwil
88%
water/dragonPalkia
88%
electric/grassVoltorb
88%
normal/psychicWyrdeer
88%
ice/rockAvalugg
85%
water/ghostBasculegion
85%
grass/fightingDecidueye
85%
bug/rockKleavor
85%
grass/fightingLilligant
85%
dark/poisonQwilfish
85%
water/darkSamurott
85%
steel/dragonSliggoo
85%
normal/ghostZorua
85%
waterBasculin
82%
flying/psychicBraviary
82%
fighting/poisonSneasel
82%
fighting/poisonSneasler
82%
normal/ghostZoroark
82%
fire/ghostTyphlosion
79%
normal/groundUrsaluna
79%
fairy/flyingEnamorus
64%

Score Distribution

Percentile by Number Answered

Percent of People with Each Score

Your Score History

You have not taken this quiz since the last reset